Obálka Náhled e-knihy:
PDF Epub
Pro půjčování e-knih musíte být přihlášeni.
Jak si půjčit online?

Klub zhýralců. Bez milosti /

Volné pokračování eroticky laděného románu odehrávajícího se ve vyhlášeném Klubu zhýralců.

Uloženo v:
Série:Klub zhýralců, část 4
Hlavní autor: Cate, Sara (Autor)
Další autoři: Milotová, Jana, 1989- (Autor)
Médium: E-kniha
Jazyk:Czech
Vydáno: Praha : Dobrovský s.r.o., 2026
Edice:Red
Témata:
Příbuzné jednotky:Z cyklu:: Klub zhýralců
Tagy:
Žádné tagy
LEADER 02802nam a2200469 i 4500
001 312978
003 CZ PrSKC
005 20260601215731.0
007 ta
008 260521s2026 xr e 000 f cze
015 |a cnb003759692 
020 |a 9788027743377  |q (brožováno) :  |c Kč 499,00 
040 |a ABG001  |b cze  |e rda 
041 1 |a cze  |h eng 
072 7 |a 821.111(73)-3  |x Americká próza  |2 Konspekt 
080 |a 821.111(73)-31  |2 MRF 
080 |a (0:82-993)  |2 MRF 
100 1 |a Cate, Sara  |7 jo20241222584  |4 aut 
240 1 0 |a Mercy.  |l Česky 
245 1 0 |a Klub zhýralců.  |p Bez milosti /  |c Sara Cate ; přeložila Jana Milotová 
246 3 0 |a Bez milosti 
264 1 |a Praha :  |b Dobrovský s.r.o.,  |c 2026 
300 |a 351 stran ;  |c 20 cm 
336 |a text  |b txt  |2 rdacontent 
337 |a bez média  |b n  |2 rdamedia 
338 |a svazek  |b nc  |2 rdacarrier 
490 1 |a Red 
500 |a Přeloženo z angličtiny 
520 2 |a Volné pokračování eroticky laděného románu odehrávajícího se ve vyhlášeném Klubu zhýralců.  |b Nechci mu ublížit - jen ho potrestat. Už tak je dost špatné být jedinou ženou, která spoluvlastní Klub zhýralců, ale navíc jsem jediná bez úchylky. Aspoň jsem si to myslela. Představte si moje překvapení, když mi "úchylkový kvíz" prozradil, že možná přece jen nejsem tak docela "normální". Ve skutečnosti se totiž Emersonu Grantovi podobám mnohem víc, než jsem si myslela. Je tu jen jeden problém - nemám ponětí, jak se stát něčí dominou. Nebo aspoň do chvíle, kdy mě aplikace spojí s někým, kdo mě to chce naučit. Je pro mě moc mladý. Moc tvrdohlavý a moc hezký. A abych nezapomněla - je to syn mého kamaráda. Beau Grant je spratek - což by mi vadilo, kdybych ho za to tak ráda netrestala. Za jeho nezřízeným chováním se ale skrývá muž, který je nepochopený, nesobecký a jen potřebuje usměrnit. Nakladatelská anotace. Kráceno. 
655 7 |a americké romány  |7 fd131796  |2 czenas 
655 7 |a erotické romány  |7 fd132211  |2 czenas 
655 9 |a American fiction  |2 eczenas 
655 9 |a erotic novels  |2 eczenas 
700 1 |a Milotová, Jana,  |d 1989-  |7 xx0282530  |4 trl 
710 2 |a Dobrovský (firma)  |7 olak2017946581  |4 pbl 
787 0 8 |i Z cyklu:  |t Klub zhýralců  |g 4 
830 0 |a Red 
900 |a ABG001  |b 19 
044 |a xr 
910 |a RBIT002 
998 |d 427059  |a https://core.palmknihy.cz/api/books/427059/cover?tf2dwu  |b https://core.palmknihy.cz/api/books/427059/cover/400?tf2dwu  |c https://core.palmknihy.cz/api/books/427059/cover/50?tf2dwu  |e 2030-02-09  |g 352  |i 9788027743377  |j https://core.palmknihy.cz/api/books/427059/preview.epub  |k https://core.palmknihy.cz/api/books/427059/preview.pdf  |l   |q 49  |r 1  |s https://www.palmknihy.cz/kniha/427059  |t ebook  |y 2026  |z 0  |v Klub zhýralců  |w 4 
999 |d 312976